000 01029nam a22003135i 4500
003 EG-ScBUE
005 20250813092205.0
008 150929t2014 enka f bd 001 0 eng d
020 _a9781292024363
040 _aEG-ScBUE
_beng
_erda
_cEG-ScBUE
_dEG-ScBUE
082 0 4 _a547
_bBRU
_222
100 1 _aBruice, Paula Yurkanis,
_d1941-
_eauthor.
_934897
245 1 0 _aOrganic chemistry /
_cPaula Y. Bruice.
250 _aSeventh edition.
250 _aPearson new international edition.
264 1 _aHarlow :
_bPearson Education Limited,
_c[2014]
264 4 _cc2014
300 _aiii, 1338 pages :
_bcolor illustrations ;
_c28 cm
336 _2rdacontent
_atext
_btxt
337 _aunmediated
_2rdamedia
_bn
338 _avolume
_bnc
_2rdacarrier
500 _aIncludes glossary.
500 _aIncludes student access code.
504 _aIncludes bibliographical references and index.
650 7 _aChemistry, Organic.
_2BUEsh
_96234
653 _bENGCHE
_cSeptember2015
655 _vText book
_933728
942 _2ddc
_cBB
999 _c20870
_d20842